Diplomacy and India-middle East-Europe economic corridor (Record no. 533814)

000 -LEADER
fixed length control field 00718nam a22001337a 4500
008 - FIXED-LENGTH DATA ELEMENTS--GENERAL INFORMATION
fixed length control field 260630b ||||| |||| 00| 0 eng d
100 ## - MAIN ENTRY--PERSONAL NAME
Personal name Minz, Sumit Kumar
245 ## - TITLE STATEMENT
Title Diplomacy and India-middle East-Europe economic corridor
260 ## - PUBLICATION, DISTRIBUTION, ETC. (IMPRINT)
Place of publication, distribution, etc Third Concept
300 ## - PHYSICAL DESCRIPTION
Extent 40(472), Jun, 2026: p.17-20
520 ## - SUMMARY, ETC.
Summary, etc The India middle East-Europe economic corridor (MEC), launched at the 2023 summit, seeks to enhance connectivity between India, the Gulf, and Europe through a multimodal tar de network. Positioned as anon alternative to China’s belt and road Imitative, it reflects the growing role of geo-economics and infrastructure diplomacy. – Reproduced
773 ## - HOST ITEM ENTRY
Main entry heading Third Concept
942 ## - ADDED ENTRY ELEMENTS (KOHA)
Item type Articles
Holdings
Withdrawn status Lost status Source of classification or shelving scheme Damaged status Not for loan Permanent location Current location Date acquired Serial Enumeration / chronology Barcode Date last seen Koha item type
          Indian Institute of Public Administration Indian Institute of Public Administration 2026-06-30 40(472), Jun, 2026: p.17-20 AR139276 2026-06-30 Articles

Powered by Koha